000 00850nam a22002412 4500
001 0000007103
005 20151021152555.0
008 071117s xx 000 0 eng d
020 _a0471737690 :
_cKES 6340
040 _aKABU
_cKABU
100 1 _aShapiro, Alan C.
_@0000152601
245 1 0 _aMultinational financial management /
_cAlan C. Shapiro.
250 _a8th ed.
260 _aHoboken, NJ. :
_bJ. Wiley,
_c2006.
300 _axxii, 745 p.
650 0 _aFinance.
_@0000148330
650 0 _aInternational business enterprises.
_@0000150869
852 1 _9p1470 KES
852 1 _9p1470 KES
852 1 _9p1470 KES
908 _a071117
950 _@1
999 _c1513
_d1513